Porovnanie obrábania ultrazvukovým nástrojom s a bez ultrazvuku

Guardado en:
Detalles Bibliográficos
Autor principal: Barták, Martin (Autor)
Otros Autores: Kuruc, Marcel (Orientador)
Formato: Manuscrito Libro
Lenguaje:eslovaco
Publicado: 2020
Materias:
Acceso en línea:http://is.stuba.sk/zp/portal_zp.pl?podrobnosti=151222
Etiquetas: Agregar Etiqueta
Sin Etiquetas, Sea el primero en etiquetar este registro!

MARC

LEADER 00000ntm a22000003a 4500
001 stuzp78109
003 SK-STU
005 20200704211657.5
007 ta
008 150427s2015----xo-----f-mn---000-0-slo-d
040 |a STU  |b slo 
041 0 |a slo 
100 1 |a Barták, Martin  |u 063000  |k Z4  |4 aut  |U MTF Materiálovotechnologická fakulta  |T MTF Ústav výrobných technológií  |X 80491  |U M3000  |Y 83  |7 80491 
242 0 1 |a Comparison of the machining by ultrasonic cutting tool with and without ultrasound  |y eng 
245 1 0 |a Porovnanie obrábania ultrazvukovým nástrojom s a bez ultrazvuku 
260 |c 2020 
650 4 |a proces obrábania  |2 slo 
650 4 |a ultrazvuk  |2 slo 
650 4 |a rezný nástroj  |2 slo 
650 4 |a machining process  |2 eng 
650 4 |a ultrasound  |2 eng 
650 4 |a cutting tool  |2 eng 
700 1 |a Kuruc, Marcel  |u 063200  |k Z1  |4 ths  |U MTF Ústav výrobných technológií  |T MTF Katedra obrábania a počítačovej podpory technológií  |X 48583  |U M3200  |Y 164  |7 A000048583 
856 4 |u http://is.stuba.sk/zp/portal_zp.pl?podrobnosti=151222 
996 |c M* DP-14146  |l MMSKP  |s P  |a 0  |w stuzp78109_0001